| 000 | 00566nam a2200181Ia 4500 | ||
|---|---|---|---|
| 008 | 100917s9999 xx 000 0 und d | ||
| 082 | _b61349 | ||
| 100 | _aसरदेसाई लक्ष्मणराव - अनु. | ||
| 245 | _aव्राह्मण | ||
| 260 |
_bसाहित्य आणि संस्कृती मंडळ _c1973 |
||
| 300 | _a144 | ||
| 365 | _b6.5 | ||
| 520 | _aकादंबरी | ||
| 630 | _aव्राह्मण | ||
| 650 | _aकादंबरी | ||
| 730 | _aव्राह्मण | ||
| 942 | _cBOOK | ||
| 999 |
_c666743 _d666740 |
||